Eredivisie Winnaars XI - Statistieken

Algemene statistieken
  • Deze quiz is 94 keer genomen
  • De gemiddelde score is 66 van 180
Antwoordstatistieken
% Correct
PSV 2023/24 Aanvaller Nederland Luuk de Jong
87%
PSV 2014/15 Aanvaller Nederland Luuk de Jong
87%
PSV 2017/18 Aanvaller Nederland Luuk de Jong
87%
PSV 2015/16 Aanvaller Nederland Luuk de Jong
87%
Ajax 2018/19 Middenvelder Nederland Frenkie de Jong
86%
Ajax 2018/19 Keeper Kameroen Andre Onana
77%
Ajax 2020/21 Keeper Kameroen Andre Onana
77%
PSV 2023/24 Trainer Nederland Peter Bosz
77%
Ajax 2012/13 Middenvelder Nederland Siem de Jong
77%
Ajax 2010/11 Middenvelder Nederland Siem de Jong
77%
Ajax 2011/12 Middenvelder Nederland Siem de Jong
77%
Ajax 2021/22 Aanvaller Servië Dusan Tadic
74%
Ajax 2018/19 Aanvaller Servië Dusan Tadic
74%
Ajax 2020/21 Aanvaller Servië Dusan Tadic
74%
Feyenoord 2022/23 Keeper Nederland Justin Bijlow
71%
Ajax 2018/19 Verdediger Nederland Matthijs de Ligt
70%
Ajax 2021/22 Trainer Nederland Erik ten Hag
69%
Ajax 2018/19 Trainer Nederland Erik ten Hag
69%
Ajax 2020/21 Trainer Nederland Erik ten Hag
69%
Feyenoord 2022/23 Trainer Nederland Arne Slot
67%
PSV 2023/24 Keeper Argentinië Walter Benitez
67%
Ajax 2012/13 Trainer Nederland Frank de Boer
66%
Ajax 2010/11 Trainer Nederland Frank de Boer
66%
Ajax 2013/14 Trainer Nederland Frank de Boer
66%
Ajax 2011/12 Trainer Nederland Frank de Boer
66%
Ajax 2021/22 Verdediger Marokko Noussair Mazraoui
66%
Ajax 2018/19 Verdediger Marokko Noussair Mazraoui
66%
Feyenoord 2022/23 Aanvaller Mexico Santiago Giménez
66%
PSV 2023/24 Verdediger Verenigde Staten Sergino Dest
66%
PSV 2023/24 Middenvelder Nederland Joey Veerman
64%
Ajax 2018/19 Middenvelder Marokko Hakim Ziyech
63%
Ajax 2018/19 Aanvaller Brazilie David Neres
61%
PSV 2023/24 Middenvelder Nederland Guus Til
61%
Ajax 2021/22 Verdediger Argentinië Lisandro Martínez
61%
Ajax 2020/21 Verdediger Argentinië Lisandro Martínez
61%
Feyenoord 2022/23 Verdediger Slowakije Dávid Hancko
60%
Ajax 2021/22 Middenvelder Mexico Edson Álvarez
60%
Ajax 2020/21 Middenvelder Mexico Edson Álvarez
60%
PSV 2023/24 Middenvelder Nederland Jerdy Schouten
60%
PSV 2023/24 Verdediger Frankrijk Olivier Boscagli
60%
Ajax 2021/22 Verdediger Nederland Daley Blind
59%
Ajax 2018/19 Verdediger Nederland Daley Blind
59%
Ajax 2012/13 Verdediger Nederland Daley Blind
59%
Ajax 2020/21 Verdediger Nederland Daley Blind
59%
Ajax 2013/14 Verdediger Nederland Daley Blind
59%
Ajax 2011/12 Verdediger Nederland Daley Blind
59%
Ajax 2021/22 Middenvelder Nederland Davy Klaassen
59%
Ajax 2020/21 Middenvelder Nederland Davy Klaassen
59%
Ajax 2013/14 Middenvelder Nederland Davy Klaassen
59%
Ajax 2018/19 Middenvelder Denemarken Lasse Schöne
59%
Ajax 2012/13 Middenvelder Denemarken Lasse Schöne
59%
Ajax 2013/14 Middenvelder Denemarken Lasse Schöne
59%
Ajax 2021/22 Aanvaller Ivoorkust Sébastien Haller
59%
Ajax 2020/21 Aanvaller Ivoorkust Sébastien Haller
59%
Ajax 2020/21 Aanvaller Brazilie Antony
57%
Feyenoord 2022/23 Verdediger Oostenrijk Gernot Trauner
56%
PSV 2023/24 Aanvaller België Johan Bakayoko
56%
Ajax 2018/19 Verdediger Argentinië Nicolás Tagliafico
56%
Ajax 2020/21 Verdediger Argentinië Nicolás Tagliafico
56%
Ajax 2021/22 Keeper Nederland Remko Pasveer
56%
Feyenoord 2022/23 Aanvaller Brazilië Igor Paixao
54%
Feyenoord 2022/23 Middenvelder Turkije Orkun Kokcu
54%
PSV 2023/24 Aanvaller Verenigde Staten Malik Tillman
53%
Ajax 2021/22 Verdediger Nederland Jurriën Timber
51%
Ajax 2021/22 Aanvaller Nederland Steven Berghuis
49%
PSV 2023/24 Verdediger Brazilië Andre Ramalho
46%
Ajax 2018/19 Middenvelder Nederland Donny van de Beek
44%
PSV 2017/18 Aanvaller Mexico Hirving Lozano
40%
Feyenoord 2022/23 Verdediger Nederland Quilindschy Hartman
40%
Feyenoord 2016/17 Trainer Nederland Giovanni van Bronckhorst
39%
Feyenoord 2022/23 Verdediger Nederland Lutsharel Geertruida
37%
Ajax 2012/13 Middenvelder Denemarken Christian Eriksen
36%
Ajax 2010/11 Middenvelder Denemarken Christian Eriksen
36%
Ajax 2011/12 Middenvelder Denemarken Christian Eriksen
36%
Feyenoord 2016/17 Aanvaller Nederland Dirk Kuyt
36%
Ajax 2013/14 Verdediger Nederland Joël Veltman
36%
Ajax 2010/11 Keeper Nederland Maarten Stekelenburg
34%
Feyenoord 2022/23 Aanvaller Iran Alireza Jahanbakhsh
33%
Ajax 2010/11 Verdediger België Jan Vertonghen
33%
Ajax 2011/12 Verdediger België Jan Vertonghen
33%
PSV 2023/24 Verdediger Nederland Jordan Teze
33%
PSV 2014/15 Trainer Nederland Phillip Cocu
33%
PSV 2017/18 Trainer Nederland Phillip Cocu
33%
PSV 2015/16 Trainer Nederland Phillip Cocu
33%
AZ Alkmaar 2008/09 Trainer Nederland Louis van Gaal
30%
Feyenoord 2016/17 Aanvaller Denemarken Nicolai Jörgensen
30%
Ajax 2021/22 Middenvelder Nederland Ryan Gravenberch
30%
Ajax 2020/21 Middenvelder Nederland Ryan Gravenberch
30%
PSV 2017/18 Aanvaller Nederland Steven Bergwijn
30%
Ajax 2012/13 Verdediger België Toby Alderweireld
30%
Ajax 2010/11 Verdediger België Toby Alderweireld
30%
Ajax 2011/12 Verdediger België Toby Alderweireld
30%
PSV 2014/15 Keeper Nederland Jeroen Zoet
29%
PSV 2017/18 Keeper Nederland Jeroen Zoet
29%
PSV 2015/16 Keeper Nederland Jeroen Zoet
29%
Feyenoord 2022/23 Middenvelder Polen Sebastian Szymanski
29%
Feyenoord 2016/17 Keeper Australië Brad Jones
27%
PSV 2014/15 Verdediger Colombia Santiago Arias
26%
PSV 2017/18 Verdediger Colombia Santiago Arias
26%
PSV 2015/16 Verdediger Colombia Santiago Arias
26%
PSV 2014/15 Middenvelder Mexico Andrés Guardado
24%
PSV 2015/16 Middenvelder Mexico Andrés Guardado
24%
Ajax 2013/14 Keeper Nederland Jasper Cillessen
24%
Ajax 2012/13 Verdediger Finland Niklas Moisander
24%
AZ Alkmaar 2008/09 Verdediger Finland Niklas Moisander
24%
Ajax 2013/14 Verdediger Finland Niklas Moisander
24%
PSV 2017/18 Verdediger Duitsland Daniel Schwaab
23%
Feyenoord 2016/17 Middenvelder Marokko Karim El Ahmadi
23%
Ajax 2012/13 Ajax 2010/11 Nederland Kenneth Vermeer
23%
Ajax 2011/12 Keeper Nederland Kenneth Vermeer
23%
AZ Alkmaar 2008/09 Middenvelder België Maarten Martens
23%
FC Twente 2009/10 Aanvaller Costa Rica Bryan Ruiz
21%
PSV 2017/18 Middenvelder Uruguay Gastón Pereiro
21%
Feyenoord 2016/17 Middenvelder Nederland Jens Toornstra
21%
PSV 2017/18 Middenvelder Nederland Jorrit Hendrix
21%
PSV 2015/16 Middenvelder Nederland Jorrit Hendrix
21%
Feyenoord 2022/23 Middenvelder Nederland Mats Wieffer
21%
PSV 2014/15 Aanvaller Nederland Memphis Depay
21%
Ajax 2011/12 Middenvelder Nederland Theo Janssen
21%
FC Twente 2009/10 Middenvelder Nederland Theo Janssen
21%
Ajax 2012/13 Aanvaller Denemarken Viktor Fischer
21%
Ajax 2013/14 Aanvaller Denemarken Viktor Fischer
21%
Feyenoord 2016/17 Verdediger Brazilie Eric Botteghin
20%
Feyenoord 2016/17 Verdediger Nederland Jan-Arie van der Heijden
20%
Ajax 2010/11 Aanvaller Marokko Mounir El Hamdaoui
20%
AZ Alkmaar 2008/09 Aanvaller Marokko Mounir El Hamdaoui
20%
Ajax 2013/14 Middenvelder Zuid-Afrika Thulani Serero
20%
Feyenoord 2016/17 Aanvaller Nederland Eljero Elia
19%
PSV 2017/18 Verdediger Frankrijk Nicolas Isimat-Mirin
19%
Feyenoord 2016/17 Middenvelder Nederland Tonny Vilhena
19%
Ajax 2020/21 Verdediger Nederland Perr Schuurs
17%
PSV 2015/16 Middenvelder Nederland Davy Pröpper
16%
Ajax 2010/11 Verdediger Nederland Gregory van der Wiel
16%
Ajax 2011/12 Verdediger Nederland Gregory van der Wiel
16%
PSV 2017/18 Middenvelder Nederland Marco van Ginkel
16%
Feyenoord 2016/17 Verdediger Nederland Rick Karsdorp
16%
FC Twente 2009/10 Keeper Nederland Sander Boschker
16%
AZ Alkmaar 2008/09 Keeper Argentinië Sergio Romero
16%
FC Twente 2009/10 Trainer Engeland Steve McClaren
16%
FC Twente 2009/10 Middenvelder Nederland Wout Brama
16%
FC Twente 2009/10 Aanvaller Zwitserland Blaise Nkufo
14%
Ajax 2010/11 Verdediger Curaçao Vurnon Anita
14%
Ajax 2011/12 Middenvelder Curaçao Vurnon Anita
14%
PSV 2015/16 Verdediger Mexico Héctor Moreno
13%
PSV 2014/15 Verdediger Nederland Jeffrey Bruma
13%
PSV 2015/16 Verdediger Nederland Jeffrey Bruma
13%
PSV 2014/15 Verdediger Nederland Jetro Willems
13%
PSV 2017/18 Verdediger Nederland Joshua Brenet
13%
PSV 2015/16 Verdediger Nederland Joshua Brenet
13%
Ajax 2013/14 Middenvelder Spanje Bojan
11%
Ajax 2012/13 Middenvelder Denemarken Christian Poulsen
11%
Ajax 2010/11 Middenvelder Nederland Demy de Zeeuw
11%
AZ Alkmaar 2008/09 Middenvelder Nederland Demy de Zeeuw
11%
FC Twente 2009/10 Verdediger Brazilië Douglas
11%
Ajax 2010/11 Middenvelder Kameroen Eyong Enoh
11%
PSV 2014/15 Middenvelder Nederland Georginio Wijnaldum
11%
Ajax 2013/14 Aanvaller IJsland Kolbeinn Sigthórsson
11%
Ajax 2010/11 Aanvaller Servië Miralem Sulejmani
11%
Ajax 2011/12 Aanvaller Servië Miralem Sulejmani
11%
AZ Alkmaar 2008/09 Middenvelder België Mousa Dembélé
11%
FC Twente 2009/10 Verdediger Nederland Peter Wisgerhof
11%
Ajax 2012/13 Verdediger Nederland Ricardo van Rhijn
11%
Ajax 2013/14 Verdediger Nederland Ricardo van Rhijn
11%
Feyenoord 2016/17 Verdediger Nederland Terence Kongolo
11%
PSV 2014/15 Verdediger Nederland Karim Rekik
10%
FC Twente 2009/10 Middenvelder Denemarken Kenneth Pérez
10%
FC Twente 2009/10 Aanvaller Slowakije Miroslav Stoch
10%
AZ Alkmaar 2008/09 Middenvelder Nederland Stijn Schaars
10%
PSV 2014/15 Middenvelder Nederland Adam Maher
9%
PSV 2015/16 Aanvaller Nederland Jürgen Locadia
9%
PSV 2014/15 Aanvaller Nederland Luciano Narsingh
9%
PSV 2015/16 Aanvaller Nederland Luciano Narsingh
9%
FC Twente 2009/10 Verdediger Nederland Ronnie Stam
9%
AZ Alkmaar 2008/09 Verdediger Nederland Kew Jaliens
7%
Ajax 2012/13 Aanvaller Nederland Derk Boerrigter
6%
AZ Alkmaar 2008/09 Verdediger België Sébastien Pocognoli
6%
AZ Alkmaar 2008/09 Middenvelder Curaçao David Mendes da Silva
4%
FC Twente 2009/10 Verdediger Nederland Dwight Tiendalli
4%
AZ Alkmaar 2008/09 Verdediger België Gill Swerts
4%
Ajax 2011/12 Aanvaller Nederland Lorenzo Ebecilio
4%
Geen overeenkomende quizzen gevonden
Scoreverdeling
Procent van Mensen met Elke Score
Percentiel versus Aantal Correcte Antwoorden
Uw Scoregeschiedenis
U heeft deze quiz nog niet genomen